Israel Quiz - Statistics

General Stats
  • This quiz has been taken 22 times
  • The average score is 7 of 10
Answer Stats
Hint Answer % Correct
The Capital of Israel Jerusalem
100%
Who currently Serves as the Prime Minister of Israel? Benjamin Netanyahu
95%
Who is the first female Prime minister of Israel? Golda Meir
95%
The King that established Jerusalem as the capital of Israel King David
89%
Israeli Currency The New Israeli Shekel
84%
How do you often say hello in Israel? Shalom
79%
What's the party of the currently serving Prime Minister of Israel? Likud
58%
Israelis National Anthem Hatikvah (The Hope)
26%
Israeli Stock Exchange TASE (Tel Aviv Stock Exchange)
21%
Israel's national bird Hoopoe
16%
No matching quizzes found
Score Distribution
Percent of People with Each Score
Percentile by Number Answered
Your Score History
You have not taken this quiz